|
|
|
|
| LEADER |
00000nam0a2200000 4500 |
| 001 |
225041 |
| 005 |
20260414163521.0 |
| 010 |
|
|
|b 3075 экз.
|
| 035 |
|
|
|a (RuTPU)RU\TPU\book\245369
|
| 035 |
|
|
|a RU\TPU\book\208743
|
| 090 |
|
|
|a 225041
|
| 100 |
|
|
|a 20121101d1931 m y0rusy50 ca
|
| 101 |
0 |
|
|a rus
|
| 102 |
|
|
|a RU
|
| 105 |
|
|
|a ab j 000zy
|
| 200 |
1 |
|
|a Краткий курс рудных месторождений
|f М. А. Усов
|
| 210 |
|
|
|a Томск
|c Издатком ВТУЗОВ
|d 1931
|
| 215 |
|
|
|a II, 160 с.
|c ил.
|
| 317 |
|
|
|5 63413507: КР-7492
|a Поступил в НТБ в 2021 г. в дар от семьи профессора ТПУ Л. П. Рихванова
|
| 320 |
|
|
|a Библиогр.: с. 153-158
|
| 606 |
1 |
|
|a Рудные (металлоносные) месторождения
|2 stltpush
|3 (RuTPU)RU\TPU\subj\26025
|9 50044
|
| 610 |
1 |
|
|a Коллекция Труды ученых ТПУ
|
| 610 |
1 |
|
|a труды учёных ТПУ
|
| 610 |
1 |
|
|a учебные пособия
|
| 610 |
1 |
|
|a профессора ТТИ
|
| 610 |
1 |
|
|a эндогенные месторождения
|
| 610 |
1 |
|
|a экзогенные месторождения
|
| 610 |
1 |
|
|a метаморфогенные месторождения
|
| 610 |
1 |
|
|a статистические данные
|
| 610 |
1 |
|
|a Библиотека Л. П. Рихванова
|
| 610 |
1 |
|
|a дары библиотеке
|
| 675 |
|
|
|a 553.3/.4(075)
|v 3
|
| 700 |
|
1 |
|a Усов
|b М. А.
|c российский геолог
|c профессор Томского технологического института
|f 1883-1939
|g Михаил Антонович
|3 (RuTPU)RU\TPU\pers\1941
|
| 801 |
|
0 |
|a RU
|b 63413507
|c 20011210
|g PSBO
|
| 801 |
|
2 |
|a RU
|b 63413507
|c 20230227
|g PSBO
|
| 942 |
|
|
|c BK
|